| 000 | 00375nam a22001457a 4500 | ||
|---|---|---|---|
| 020 | _a9780865479128 | ||
| 082 |
_a813.54 _bMEA |
||
| 100 |
_aMeans, David, _d1961- |
||
| 245 |
_aThe spot : stories / _cDavid Means |
||
| 260 |
_aNew York: _bFaber and Faber Inc. _c2010 |
||
| 300 | _a164 p. | ||
| 563 | _aHBK | ||
| 650 |
_aShort stories, American _98229 |
||
| 942 |
_2ddc _cBK |
||
| 999 |
_c589789 _d589789 |
||